Olympic Games Host Countries - Statistics

General Stats
  • This quiz has been taken 82 times
  • The average score is 54 of 59
Answer Stats
Season Hint Answer % Correct
Summer 1956 Australia/Sweden
100%
Summer 1896 Greece
100%
Summer 1906 Greece
100%
Summer 2004 Greece
100%
Summer 1908 United Kingdom
100%
Summer 1944 United Kingdom
100%
Summer 1904 United States
100%
Winter 1932 United States
100%
Summer 1932 United States
100%
Winter 1960 United States
100%
Winter 1980 United States
100%
Summer 1984 United States
100%
Summer 1996 United States
100%
Winter 2002 United States
100%
Winter 1944 Italy
99%
Winter 1956 Italy
99%
Summer 1960 Italy
99%
Winter 2006 Italy
99%
Summer 2008 China
97%
Winter 2022 China
97%
Summer 1900 France
97%
Winter 1924 France
97%
Summer 1924 France
97%
Winter 1968 France
97%
Winter 1992 France
97%
Summer 1964 Japan
97%
Winter 1972 Japan
97%
Winter 1998 Japan
97%
Summer 2020 Japan
97%
Summer 2000 Australia
96%
Summer 2016 Brazil
96%
Summer 1940 Finland
96%
Summer 1952 Finland
96%
Summer 1916 Germany
96%
Winter 2014 Russia
96%
Summer 1976 Canada
95%
Winter 1988 Canada
95%
Winter 2010 Canada
95%
Winter 1952 Norway
95%
Winter 1994 Norway
95%
Summer 1912 Sweden
95%
Winter 1964 Austria
92%
Winter 1976 Austria
92%
Summer 1968 Mexico
92%
Summer 1988 South Korea
92%
Winter 2018 South Korea
92%
Summer 1992 Spain
91%
Winter 1928 Switzerland
89%
Winter 1948 Switzerland
89%
Summer 1928 Netherlands
88%
Summer 1920 Belgium
87%
Summer 2012 United Kingdom
79%
Summer 1948 United Kingdom
78%
Summer 1972 West Germany
76%
Winter 1984 Yugoslavia
76%
Summer 1980 Soviet Union
67%
Winter 1936 Nazi Germany
33%
Summer 1936 Nazi Germany
33%
Winter 1940 Nazi Germany
33%
No matching quizzes found
Score Distribution
Percent of People with Each Score
Percentile by Number Answered
Your Score History
You have not taken this quiz